Sociolingüística andaluza / (Record no. 144677)
[ view plain ]
| 000 -LEADER | |
|---|---|
| campo de control de longitud fija | 01150nam a2200229 i 4500 |
| 001 - NÚMERO DE CONTROL | |
| campo de control | 144677 |
| 003 - IDENTIFICADOR DE NÚMERO DE CONTROL | |
| campo de control | ES-MaACL |
| 005 - FECHA Y HORA DE LA ÚLTIMA TRANSACCIÓN | |
| campo de control | 20230906201055.0 |
| 007 - CAMPO FIJO DE DESCRIPCIÓN FÍSICA--INFORMACIÓN GENERAL | |
| campo de control de longitud fija | t| |
| 008 - DATOS DE LONGITUD FIJA--INFORMACIÓN GENERAL | |
| campo de control de longitud fija | 070214m19831985sp r ||||1| spa d |
| 245 00 - MENCIÓN DEL TÍTULO | |
| Título | Sociolingüística andaluza / |
| Mención de responsabilidad, etc. | Cátedra de Lengua Española, Facultad de Filología, Universidad de Sevilla ; director Vidal Lamiquiz. |
| 260 ## - PUBLICACIÓN, DISTRIBUCIÓN, ETC. | |
| Lugar de publicación, distribución, etc. | Sevilla : |
| Nombre del editor, distribuidor, etc. | Servicio de Publicaciones de la Universidad de Sevilla, |
| Fecha de publicación, distribución, etc. | 1983-1985. |
| 300 ## - DESCRIPCIÓN FÍSICA | |
| Extensión | 3 v. ; |
| Dimensiones | 21 cm. |
| 490 1# - MENCIÓN DE SERIE | |
| Mención de serie | Publicaciones de la Universidad de Sevilla. Serie Filisofía y letras ; |
| Designación de volumen o secuencia | 59,75,79 |
| 505 8# - NOTA DE CONTENIDO CON FORMATO | |
| Nota de contenido con formato | Contiene: Vol. I. Metodología y estudios. Vol. II. Material de encuestas para el estudio del habla urbana culta de Sevilla. Vol. III. El discurso sociolingüístico |
| 650 #4 - PUNTO DE ACCESO ADICIONAL DE MATERIA--TÉRMINO DE MATERIA | |
| Término de materia o nombre geográfico como elemento de entrada | Lengua española- |
| Subdivisión geográfica | Sevilla- |
| Subdivisión general | Aspectos sociales. |
| 9 (RLIN) | 166068 |
| 700 1# - ENTRADA AGREGADA--NOMBRE PERSONAL | |
| Nombre de persona | Vidal Lamiquiz. |
| 9 (RLIN) | 114498 |
| 710 2# - ENTRADA AGREGADA--NOMBRE DE ENTIDAD CORPORATIVA | |
| Nombre de entidad corporativa o nombre de jurisdicción como elemento de entrada | Universidad de Sevilla. |
| Unidad subordinada | Facultad de Filología. |
| -- | Cátedra de Lengua Española. |
| 9 (RLIN) | 7308 |
| 830 0# - PUNTO DE ACCESO ADICIONAL DE SERIE-TÍTULO UNIFORME | |
| Título uniforme | Publicaciones de la Universidad de Sevilla. Serie Filisofía y letras ; |
| Designación de volumen o secuencia | 59,75,79 |
| 9 (RLIN) | 220699 |
| 852 ## - LOCALIZACIÓN | |
| Ubicación | ES-MaACL |
| Número de control de estantería | P-386 |
| Sublocalización o colección | R.110846 |
| Estatus retirado | Estado de pérdida | Estado de daño | No para préstamo | Biblioteca de origen | Biblioteca actual | Ubicación en estantería | Fecha de adquisición | Fuente de adquisición | Total de préstamos | Signatura topográfica completa | Código de barras | Visto por última vez | Precio de reemplazo | Tipo de ítem Koha |
|---|---|---|---|---|---|---|---|---|---|---|---|---|---|---|
| Biblioteca del Ateneo de Madrid | Biblioteca del Ateneo de Madrid | Depósito 2 | 17/01/2008 | P-386 | 1150847 | 23/02/2023 | 23/02/2023 | Libro impreso |
